Czy jesteś mądrzejszy od ósmoklasisty-geografia - Statystyki

Ogólne statystyki
  • Ten quiz został rozwiązany 121 razy
  • Średni wynik to 3 z 10
Statystyki odpowiedzi
Pytanie Odpowiedź % Poprawnych
Najdłuższa rzeka Azjii to (6380 km) Jangcy
70%
Rdzennymi mieszkańcami Australii są Aborygeni
68%
Jeżeli wiatr wieje z lądu w strone wody to z jakim monsunem mamy doczynienia Zimowy
44%
Urządzenie do pomiaru siły trzęsień ziemii to Sejsmograf
43%
W Oceanii wyróżnia się cztery regiony geograficzne:Melanzje,Mikronezje,Nową Zelandię i .... Polinezja
17%
Nazwa na cyklony na północno-zachodnich i północno-wschodnich wybrzeżach Australii Willy-Willy
10%
Ameryka cechuje się jakim układem głównych form rzeźby terenu Południkowym
9%
Jak nazywają się występujące w strefie klimatów zwrotnikowych suche koryta rzeczne wypełniające się wodą podczas ulewnych deszczów tworząc rzeki epizodyczne Wadi
5%
Jeżeli w codziennej diecie brakuje określonych składników odżywczych to mówimy o zjawisku nazywającym się Głód utajony
4%
W Afryce wyróżniamy dwa typy rolnictw ,rolnictwo plantacyjne i Rolnictwo żarowo-odłogowe
0%
Nie znaleziono quizów pasujących do podanych kryteriów
Rozkład punktacji
Procent ludzi z każdym wynikiem
Percentyl według liczby udzielonych odpowiedzi
Twoja historia wyników
Nie rozwiązałeś tego quizu